书目信息 |
| 题名: |
楹联集翰
|
|
| 作者: | ;中国楹联学会 , 中国书法家学会 著 | |
| 分册: | ||
| 出版信息: | 北京 农业出版社 1987.8 |
|
| 页数: | 130页 | |
| 开本: | 26cm | |
| 丛书名: | ||
| 单 册: | ||
| 中图分类: | I269.7 | |
| 科图分类: | ||
| 主题词: | 散文--中国 , 散文--作品综合集--中国 | |
| 电子资源: | ||
| ISBN: | 7-109-00015-X | |
| 000 | 00682nam0 2200217 45 | |
| 001 | 0312221749 | |
| 005 | 20040407161255.0 | |
| 010 | @dCNY6.00@a7-109-00015-X | |
| 100 | @a20031222d1987 km y0chiy0120 ea | |
| 101 | @achi | |
| 105 | @a z 000yy | |
| 200 | 1 | @a楹联集翰@AYing Lian Ji Han@f中国楹联学会,中国书法家学会著@FZhong Guo Ying Lian Xue Hui,Zhong Guo Shu Fa Jia Xue Hui Zhu |
| 210 | @a北京@c农业出版社@d1987.8@a北京@c中国农业出版社 | |
| 215 | @a130页@d26cm | |
| 606 | 0 | @a散文@x中国 |
| 606 | 0 | @a散文@x作品综合集@x中国 |
| 690 | @aI269.7@v3 | |
| 711 | 02 | @a中国楹联学会@4著 |
| 711 | 02 | @a中国书法家学会@4著 |
| 801 | @aCN@bTSTCL@c20031222 | |
| 905 | @dI269.7@e352@f1@b208117 | |
| 楹联集翰/中国楹联学会,中国书法家学会著.-北京:农业出版社,1987.8;北京:中国农业出版社 |
| 130页;26cm |
| ISBN 7-109-00015-X:CNY6.00 |
| ● |
| 相关链接 |
|
|
|
|
正题名:楹联集翰
索取号:I269.7/352
 
预约/预借
| 序号 | 登录号 | 条形码 | 馆藏地/架位号 | 状态 | 备注 |
| 1 | 0208117 | 000026732 | 第二借阅区/ [索取号:I269.7/352] | 在馆 | |
| 2 | 0208118 | 000026778 | 第一样本阅览室/ [索取号:I269.7/352] | 在馆 |